00399nam a2200145 4500003000400000008004100004020001800045082001700063100002300080245007000103250001600173260003500189300001700224650001200241OSt240702b |||||||| |||| 00| 0 eng d a9780143063926 a658.049bGOT aGOPALKRISHANAN, R. aThe Case of the Bonsai Manager: Lessons for Managers on Intuition aRevised Ed. aGurugram bPenguin Booksc2016 axvii, 337 p. aGeneral